书目信息 |
| 题名: |
零距离
|
|
| 作者: | 李响 著 | |
| 分册: | ||
| 出版信息: | 北京 知识出版社 2001 |
|
| 页数: | 319页 | |
| 开本: | 21cm | |
| 丛书名: | ||
| 单 册: | ||
| 中图分类: | G843.92 | |
| 科图分类: | ||
| 主题词: | 足球运动--概况--中国 , 米卢蒂诺维奇--生平事迹 | |
| 电子资源: | ||
| ISBN: | 7-5015-3218-4 | |
| 000 | 00650nam0 2200217 45 | |
| 005 | 20041010093744.02 | |
| 010 | @a7-5015-3218-4@dCNY 22.00 | |
| 100 | @a20020416d2001 ekmy0chiy0121 ea | |
| 101 | 0 | @achi |
| 102 | @aCN@b110000 | |
| 105 | @aa z 000yy | |
| 200 | 1 | @a零距离@Aling ju li@e李响与米卢的心灵对话@ELI XIANG YU MI LU DE XING LING DUI HUA@f李响著 |
| 210 | @a北京@c知识出版社@d2001 | |
| 215 | @a319页@c图@d21cm | |
| 517 | 1 | @a李响与米卢的心灵对话 |
| 606 | 0 | @a足球运动@x概况@y中国 |
| 606 | 0 | @a米卢蒂诺维奇@x生平事迹 |
| 690 | @aG843.92@v4 | |
| 701 | 0 | @a李响@ALI XIANG@4著 |
| 801 | 0 | @aCN@bQSSK@c20041010 |
| 905 | @a10447@dG843.92@eL292 | |
| 零距离:李响与米卢的心灵对话/李响著.-北京:知识出版社,2001 |
| 319页:图;21cm |
| ISBN 7-5015-3218-4:CNY 22.00 |
| ● |
| 相关链接 |
|
|
|
正题名:零距离
索取号:G843.92/L292
 
预约/预借
| 序号 | 登录号 | 条形码 | 馆藏地/架位号 | 状态 | 备注 |
| 1 | 398403 | 203984037 | 社科库409/409社科库 23排3列5层/ [索取号:G843.92/L292] | 在馆 | |
| 2 | 398404 | 203984046 | 社科二线422/409社科库 23排3列5层/ [索取号:G843.92/L292] | 在馆 | |
| 3 | 398405 | 203984055 | 社科库409/409社科库 23排3列5层/ [索取号:G843.92/L292] | 在馆 |